zpět

Detail výsledku týmu

Hangár, Valašské Meziříčí

Datum a čas kvízu

31.5 Celkem bodů Celkový počet nahraných bodů na tomto kvízu bez doplňovacích otázek.
3. Pořadí na kvízu Konečné umístění týmu na tomto kvízu.

Zaznamenané odpovědi

# Otázka Odpověď Body Výsledky
1. V Česku je od Nového roku jako... psilocybin 1
2. Ve které zemi byl minulý týden... v Číně 1
3. Jedna televizní stanice ukonči... MTV 1
4. Který ostrovní stát zavedl jak... Island 0
5. Na střídačce HC Rytíři Kladno,... David Čermák; Tomáš Plekanec 0.5
6. Mezi nejúspěšnější sourozence... 2008; 2012 0
7. Pouhých 65 setin sekundy od me... Petr; Martin 0
8. Opomenout v tomto tématu nesmí... 7,5 km; 6 km 0
9. Nyní bude vaším úkolem napsat,... v akrobatickém lyžování (jízda v boulích) 0
10. Na závěr se podíváme na krasob... B 0